000 00451nam a2200193Ia 4500
005 20250423094754.0
008 250422s9999 xx 000 0 und d
020 _a9780134413327
050 _aRB 40 .S86/
100 _aSunheimer, Robert L.
245 0 _aClinical laboratory chemistry
250 _a2nd ed.
260 _aNew York
260 _bPearson
260 _c2018
300 _a649 p
650 _a Clinical chemistry.
942 _cBK
999 _c28246
_d28246